Responses for Show #4890 - Friday, December 9, 2005

Contestants

[<< previous game]

Elaine Henderson, a children's encyclopedia editor from New Milford, Connecticut

Beth Klein, a mom and assistant editor from Boynton Beach, Florida

LeeAundra Temescu, a communications coach originally from Troy, Michigan (whose 1-day cash winnings total $20,001)

[next game >>]

Jeopardy! Round responses

CELEBRATING THE NOBEL PRIZE
(Alex: They're being awarded this weekend.)
BIZARRE MLB INJURIES
NATIONAL CURRENCIES
SEEING "RED"
(Alex: We want you to name the play in...)
ARE YOU SHAKESPEARIENCED?
ABBREV.
    $200 15
the king & queen of Sweden

Triple Stumper
    $200 11
frostbite

Beth
    $200 16
Greece

Beth
    $200 1
the Red Baron

Beth
    $200 2
Julius Caesar

Beth
    $200 18
ultra high frequency

Triple Stumper
    $400 27
Madame Curie

Elaine
    $400 12
a suitcase

Beth
    $400 22
China

Beth
    $400 5
(LeeAundra: What is the Red Brigade?)
(Alex: Red Brigade?... No.)

the Red Guards

LeeAundra
Triple Stumper
    $400 3
Macbeth

Beth
    $400 19
Penn State University

Beth
    $600 28
(Alex: This is basically "guess a color", it's called [*]. Who knew?)

the Blue Hall

Triple Stumper
    $600 13
a phone book

Beth
    $600 24
a shekel

Beth
    $600 6
the Red Queen

Beth
    $600 4
Hamlet

LeeAundra
    $600 20
doctor of dental science (or doctor of dental surgery)

LeeAundra
    $800 29
(Beth: What is mock turtle soup?)

a turtle (turtle soup accepted)

LeeAundraBeth
    $800 14
the snooze button

LeeAundra
    $800 25
(LeeAundra: What is the zlotl?)

the ruble

LeeAundra
Triple Stumper
    $800 9
the red kangaroo

Beth
    $800 7
The Tempest

Beth
    $800 21
(LeeAundra: What is universal record locator?)

universal resource locator (or uniform resource locator)

LeeAundra
Triple Stumper
    $1000 30
Saul Bellow

Elaine
    $1000 17
the (San Diego) Padres

Beth
    $800 26
Nepal

Beth
    $1000 10
the Red-Headed League

Beth
    $1000 8
(Beth: What is All's Well That Ends Well?)

As You Like It

LeeAundraBeth
    $1000 23
quod erat demonstrandum

Triple Stumper

Scores at the first commercial break (after clue 15):

LeeAundra Beth Elaine
$2,000 $4,200 $0

Scores at the end of the Jeopardy! Round:

LeeAundra Beth Elaine
$1,800 $6,800 $1,400

Double Jeopardy! Round responses

CHICAGO
ENTERTAINING JOHNS
PRESIDENTS WHO DIED IN OFFICE
LEGALESE
SMALL MAMMALS
"EN" THE BEGINNING
    $400 5
(Alex: [*] sale, yes.)
[Note: eBay was hyphenated in the clue as displayed.]

fire

Beth
    $400 17
Johnny Carson

Beth
    $400 1
(LeeAundra: Oh... who is Lincoln?)

(John) Kennedy

LeeAundraElaine
    $400 11
Bush v. Gore

LeeAundra
    $400 23
(Beth: What is a rodent?)

a bat

Beth
Triple Stumper
    $400 3
engines

Beth
    $800 16
(Beth: What is [*]s?) [Originally ruled correct; reversed before Daily Double at clue 26]

Marshall Field

Beth
Triple Stumper
    $800 18
Johnny Weissmuller

Beth
    $800 2
Lincoln

Beth
    $800 12
federal

LeeAundra
    $800 24
(Alex: Little [*]s will do that.)

shrew

Triple Stumper
    $800 4
an enchilada

LeeAundra
    $1,800 26
(LeeAundra: [Sighs] It's hopeless.)
(Alex: Ah, Dallas has Dealey Plaza, the infamous Dealey Plaza, and Chicago has [*].)

Daley Plaza

LeeAundra
    $1200 19
John Woo

Triple Stumper
    $1200 8
McKinley

Elaine
    $1200 13
(Alex: What is [*]? An [*] account or to [*].)

impound

Triple Stumper
    $1200 25
(Alex: Marmoset's a [*].)

monkey

Triple Stumper
    $1200 6
an ensign

LeeAundra
    $1600 27
the Biograph Theater

Triple Stumper
    $1600 20
John Barrymore

LeeAundra
    $1600 9
Harding

Elaine
    $4,600 14
(LeeAundra: Go big or stay home! True Daily Double.)
(Alex: Hey, I like that attitude. "Go big or stay home.")

plaintiff

LeeAundra
    $1600 7
an enclave

Elaine
    $2000 28
(Elaine: What's the, uh, Museum of Fine Arts?)
[The end-of-round signal sounds.]

The Art Institute of Chicago

Elaine
Triple Stumper
    $2000 21
John de Lancie

Triple Stumper
    $2000 10
Zachary Taylor

Triple Stumper
    $2000 15
statutory

Elaine
    $2000 22
Endymion

Triple Stumper

Scores at the end of the Double Jeopardy! Round:

LeeAundra Beth Elaine
$9,000 $8,400 $6,200

[wagering suggestions for these scores]

Final Jeopardy! Round responses

20th CENTURY INNOVATIONS
ElaineWhat is skywriting?
$2,500
BethWhat is controlling engine emissio
$8,399
LeeAundraWhat is air conditioni
$7,801
skywriting

Final scores:

LeeAundra Beth Elaine
$1,199 $1 $8,700
2nd place: $2,000 3rd place: $1,000 New champion: $8,700

Game dynamics:

Coryat scores:

LeeAundra Beth Elaine
$7,800 $8,600 $6,200
11 R
(including 1 DD),
5 W
(including 1 DD)
21 R
(including 1 DD),
4 W
7 R,
1 W

Combined Coryat: $22,600

[game clues] [game scores] [suggest correction]

Game tape date: 2005-09-20
The J! Archive is created by fans, for fans. Scraping, republication, monetization, and malicious use prohibited; this site may use cookies and collect identifying information. See terms. The Jeopardy! game show and all elements thereof, including but not limited to copyright and trademark thereto, are the property of Jeopardy Productions, Inc. and are protected under law. This website is not affiliated with, sponsored by, or operated by Jeopardy Productions, Inc. Join the discussion at JBoard.tv.